000 00938nam a2200229 a 4500
008 070510s2005 ||||||||||||||||| || u
020 _a1552501884
050 _aHE 9534.Z5 UGA
100 _aUganda Communications Commission
245 1 0 _aFunding and implementing uinversal access: innovation and experience from Uganda
260 _aKampala
_bFountain Publishers
_c2005
300 _axiii, 90p.: ill.
350 _a0.00
650 _aTELEPHONE--GOVERNMENT POLICY--UGANDA
650 _aCOMMUNICATIONS IN RUARL DEVELOPMENT--UGANDA
650 _aDIGITAL DIVIDE--UGANDA
650 _aINFORMATION
650 _aINFORMATION TECHNOLOGY--GOVERNMENT POLICY--UGANDA
650 _aUGANDA COMMUNICATIONS AUTHORITY
710 _aUganda Communications Commission
995 _D0.00
_FCBU-MAIN LIBRARY (Kitwe)
_H1
_I0.00
_M1
_UAVAILABLE
_WMay 10, 2007
_ZMain Library Open Access Collection
999 _c44220
_d44220